SIDDHARUPAM (Record no. 3336)

MARC details
000 -LEADER
fixed length control field 00281nam a2200121Ia 4500
005 - DATE AND TIME OF LATEST TRANSACTION
control field 20250409180928.0
008 - FIXED-LENGTH DATA ELEMENTS--GENERAL INFORMATION
fixed length control field 250409s9999||||xx |||||||||||||| ||und||
100 ## - MAIN ENTRY--PERSONAL NAME
Personal name REDDIAR,
245 #0 - TITLE STATEMENT
Title SIDDHARUPAM
260 ## - PUBLICATION, DISTRIBUTION, ETC.
Name of publisher, distributor, etc. D C BOOKS,
Place of publication, distribution, etc. KOTTAYAM:
650 ## - SUBJECT ADDED ENTRY--TOPICAL TERM
Form subdivision Malayalam Grammar
942 ## - ADDED ENTRY ELEMENTS (KOHA)
Koha item type BOOK
Holdings
Withdrawn status Lost status Damaged status Not for loan Collection Home library Current library Shelving location Date acquired Total checkouts Full call number Barcode Date last seen Price effective from Koha item type
        Malayalam Grammar St.Dominics College Library St.Dominics College Library Malayalam Language 04/09/2025   4M 5 RED 13270 04/09/2025 04/09/2025 BOOK